The bengalis: (Record no. 158045)

MARC details
000 -LEADER
fixed length control field 00654nam a22001937a 4500
005 - DATE AND TIME OF LATEST TRANSACTION
control field 20181014123238.0
010 ## - LCCN (DPL NO)
LC control number ENG-124273
020 ## - INTERNATIONAL STANDARD BOOK NUMBER
International Standard Book Number 9789386021045
Terms of availability 799.00
035 ## - SYSTEM CONTROL NUMBER
System control number EN-107805
037 ## - SOURCE OF ACQUISITION
Source of stock number/acquisition DBAD/PUB.
082 ## - DEWEY DECIMAL CLASSIFICATION NUMBER
Classification number 305.80095422
100 ## - MAIN ENTRY--PERSONAL NAME
Personal name Chakravarti, Sudeep
245 ## - TITLE STATEMENT
Title The bengalis:
Statement of responsibility, etc by Sudeep Chakravarti
Remainder of title a portrait of a community /
260 ## - PUBLICATION, DISTRIBUTION, ETC. (IMPRINT)
Place of publication, distribution, etc New Delhi
Name of publisher, distributor, etc Aleph Book Company
Date of publication, distribution, etc 2017
270 ## - ADDRESS
Address 7/16, Ansari Road, Daryaganj
City New Delhi
Postal code 110002
300 v# - PHYSICAL DESCRIPTION
Extent xxxv,457p.
Dimensions 22cm(Hb.)
500 ## - GENERAL NOTE
General note It includes Epilogue, acknowledgements, select bibliography and index
942 ## - ADDED ENTRY ELEMENTS (KOHA)
Source of classification or shelving scheme Dewey Decimal Classification
Item type English Books
Call number suffix CHA
Classification part 305.80095452
Holdings
Withdrawn status Lost status Not for loan Collection code Home library Current library Date acquired Source of acquisition Cost, normal purchase price Full call number Barcode Copy number Cost, replacement price Koha item type
    Not For Loan Non-fiction D.B.Act.Division Bawana 14/10/2018 DBAD/PUB 799.00 305.80095452 CHA EN-107805 1 799.00 English Books

© Delhi Public Library
Hit Counter
free hit counter